| 000 | 00473nam a2200181Ia 4500 | ||
|---|---|---|---|
| 001 | 16562 | ||
| 005 | 20260306170318.0 | ||
| 008 | 260306t2019||||xx |||||||||||||| ||und|| | ||
| 041 | _aESP | ||
| 082 |
_a348.621 _bA11 |
||
| 100 |
_aAbanto Revilla, César _eAUT |
||
| 245 | 0 | _aLos regímenes de pensiones de la seguridad social en la jurisprudencia | |
| 260 | _c2019 | ||
| 300 |
_a606 páginas : _c25 cm. |
||
| 650 | _aGEN | ||
| 654 | _aCDE | ||
| 942 |
_cLIB _dJUS _fJUS _2ddc _n |
||
| 999 |
_c16562 _d16562 |
||